<?xml version="1.0" encoding="UTF-8"?><?xml-stylesheet type="text/xsl" href="static/style.xsl"?><OAI-PMH xmlns="http://www.openarchives.org/OAI/2.0/" xmlns:xsi="http://www.w3.org/2001/XMLSchema-instance" xsi:schemaLocation="http://www.openarchives.org/OAI/2.0/ http://www.openarchives.org/OAI/2.0/OAI-PMH.xsd"><responseDate>2026-04-14T07:44:32Z</responseDate><request verb="GetRecord" identifier="oai:www.recercat.cat:20.500.12328/969" metadataPrefix="marc">https://recercat.cat/oai/request</request><GetRecord><record><header><identifier>oai:recercat.cat:20.500.12328/969</identifier><datestamp>2025-05-19T13:58:37Z</datestamp><setSpec>com_2072_67741</setSpec><setSpec>col_2072_484354</setSpec></header><metadata><record xmlns="http://www.loc.gov/MARC21/slim" xmlns:dcterms="http://purl.org/dc/terms/" xmlns:xsi="http://www.w3.org/2001/XMLSchema-instance" xmlns:doc="http://www.lyncode.com/xoai" xsi:schemaLocation="http://www.loc.gov/MARC21/slim http://www.loc.gov/standards/marcxml/schema/MARC21slim.xsd">
   <leader>00925njm 22002777a 4500</leader>
   <datafield ind2=" " ind1=" " tag="042">
      <subfield code="a">dc</subfield>
   </datafield>
   <datafield ind2=" " ind1=" " tag="720">
      <subfield code="a">Lázaro Palau, Carmen María</subfield>
      <subfield code="e">author</subfield>
   </datafield>
   <datafield ind2=" " ind1=" " tag="260">
      <subfield code="c">2015</subfield>
   </datafield>
   <datafield ind2=" " ind1=" " tag="520">
      <subfield code="a">El Derecho natural se basa en verdaderas leyes de la naturaleza que el legislador debe asumir en los diferentes ámbitos (entre ellos el familiar) para que las instituciones alcancen su plenitud. Esas perspectivas jurídicas han sufrido en la actualidad una profunda crisis que afecta de modo sintomático a dos ejemplos tradicionales de ius naturale: el matrimonio y la procreación. Durante siglos esas consideraciones parecieron tan evidentes que los derechos civiles casi no las formulaban como tales. Nadie dudaba que el matrimonio fuese la institucionalización de la unión entre hombre y mujer; la procreación el fruto de esa unión y el mantenimiento y la educación de los hijos, su consecuencia lógica. Sin embargo, las modificaciones que se han introducido en la actualidad van más allá de la ficción: manteniendo las mismas categorías, se han vaciado las instituciones de su base natural, de su fundamento y de su verdadero contenido. Así, por un lado, el matrimonio se ha visto afectado en su estabilidad, fecundidad y heterosexualidad. Y por otro, la filiación ha visto tambalear sus cimientos con las fecundaciones in vitro, inseminaciones artificiales con donantes y las adopciones homosexuales. Las reformas no han finalizado: en otras legislaciones se pone en duda la monogamia del matrimonio e irrumpe en el debate jurídico la maternidad por subrogación. Además, las Comunidades Autónomas contribuyen de modo indirecto a la confusión con leyes autonómicas de género.</subfield>
   </datafield>
   <datafield ind1="8" ind2=" " tag="024">
      <subfield code="a">Lázaro Palau, Carmen María. ¿Qué queda del derecho natural en nuestro derecho de familia?. A: Institut d’Estudis Superiors de la Família (IESF). II International Conference Family and Society. Barcelona, 24-25/09/2014. Barcelona: Institut d’Estudis Superiors de la Família, Universitat Internacional de Catalunya, 2015, p. 245-252. ISBN 978-84-606-8395-7</subfield>
   </datafield>
   <datafield ind1="8" ind2=" " tag="024">
      <subfield code="a">9788460683957</subfield>
   </datafield>
   <datafield ind1="8" ind2=" " tag="024">
      <subfield code="a">http://hdl.handle.net/20.500.12328/969</subfield>
   </datafield>
   <datafield tag="653" ind2=" " ind1=" ">
      <subfield code="a">Derecho natural</subfield>
   </datafield>
   <datafield tag="653" ind2=" " ind1=" ">
      <subfield code="a">Dret natural</subfield>
   </datafield>
   <datafield tag="653" ind2=" " ind1=" ">
      <subfield code="a">Natural law</subfield>
   </datafield>
   <datafield tag="653" ind2=" " ind1=" ">
      <subfield code="a">Dret de família</subfield>
   </datafield>
   <datafield tag="653" ind2=" " ind1=" ">
      <subfield code="a">Derecho de familia</subfield>
   </datafield>
   <datafield tag="653" ind2=" " ind1=" ">
      <subfield code="a">Domestic relations</subfield>
   </datafield>
   <datafield ind2="0" ind1="0" tag="245">
      <subfield code="a">¿Qué queda del derecho natural en nuestro derecho de familia?</subfield>
   </datafield>
</record></metadata></record></GetRecord></OAI-PMH>